000
00325nam a2200145Ia 4500
100
_a
Graham/neill
942
_c
BK
654
_a
pascal
245
_a
Programming & problem solving with pascal
260
_b
Jaico publishing
_a
Bombay
_c
1992
082
_a
001.6424P
_b
GRA
300
_a
519
546
_a
ENGLISH
999
_c
30886
_d
30886